MARC details
| 000 -CABECERA |
| campo de control de longitud fija |
01734nam a2200313 a 4500 |
| 001 - NÚMERO DE CONTROL |
| campo de control |
000048237 |
| 003 - IDENTIFICADOR DEL NÚMERO DE CONTROL |
| campo de control |
DO-SdBNP |
| 005 - FECHA Y HORA DE LA ÚLTIMA TRANSACCIÓN |
| campo de control |
20260415174539.0 |
| 008 - DATOS DE LONGITUD FIJA--INFORMACIÓN GENERAL |
| campo de control de longitud fija |
100406s2015 dr ac 000 0bspa d |
| 020 ## - NÚMERO INTERNACIONAL ESTÁNDAR DEL LIBRO |
| Número Internacional Estándar del Libro |
9789945462807 |
| 040 ## - FUENTE DE LA CATALOGACIÓN |
| Centro catalogador/agencia de origen |
DO-SdBNP |
| Lengua de catalogación |
spa |
| Centro/agencia transcriptor |
BNPHU |
| 082 ## - NÚMERO DE LA CLASIFICACIÓN DECIMAL DEWEY |
| Número de clasificación |
923.57293 |
| Número de documento/Ítem |
F363I, 2015 |
| 245 00 - MENCIÓN DE TÍTULO |
| Título |
Ideario del coronel Fernández Domínguez 1934-1965 / |
| Mención de responsabilidad, etc. |
compilador, Héctor Lachapelle Díaz ; prólogo, Mariano Lebrón Saviñón. |
| 250 ## - MENCIÓN DE EDICIÓN |
| Mención de edición |
5a. ed. |
| 260 ## - PUBLICACIÓN, DISTRIBUCIÓN, ETC. |
| Lugar de publicación, distribución, etc. |
Santo Domingo : |
| Nombre del editor, distribuidor, etc. |
Comisión Permanente de Efemérides Patrias, |
| Fecha de publicación, distribución, etc. |
2015. |
| 300 ## - DESCRIPCIÓN FÍSICA |
| Extensión |
195 p. : |
| Otras características físicas |
il., retr. ; |
| Dimensiones |
24 cm. |
| 490 0# - MENCIÓN DE SERIE |
| Mención de serie |
50 aniversario de la Gesta Patriótica de Abril de 1965 |
| Designación de volumen o secuencia |
2 |
| 500 ## - NOTA GENERAL |
| Nota general |
Incluye índice onomástico. |
| 500 ## - NOTA GENERAL |
| Nota general |
Incluye notas al pie de las páginas. |
| 505 0# - NOTA DE CONTENIDO CON FORMATO |
| Nota de contenido con formato |
Presentación --Prólogo -- Presentación a la cuarta edición -- Agradecimientos -- Cronología del coronel Rafael Tomás Fernández Domínguez -- Decisión -- Los yanquis -- La historia -- La fe -- La esperanza -- La libertad -- Las leyes -- Militares -- Policía nacional -- Patriotismo -- Deber, honor, moral -- La victoria -- La verdad -- Justicia -- Meditaciones -- El pueblo -- Religión -- Honradez -- Experiencia -- Traición -- El trabajo -- Relaciones internacionales -- Estudios -- El ahorro -- La muerte -- |
| 590 ## - NOTA LOCAL (RLIN) |
| Nota local |
Inventariado, 2019/LP |
| 600 10 - PUNTO DE ACCESO ADICIONAL DE MATERIA--NOMBRE DE PERSONA |
| Nombre de persona |
Fernández Domínguez, Rafael Tomás, |
| Fechas asociadas al nombre |
1934-1965 |
| 9 (RLIN) |
19048 |
| 650 #0 - PUNTO DE ACCESO ADICIONAL DE MATERIA--TÉRMINO DE MATERIA |
| Término de materia o nombre geográfico como elemento de entrada |
|
| 9 (RLIN) |
12155 |
| 651 #4 - PUNTO DE ACCESO ADICIONAL DE MATERIA--NOMBRE GEOGRÁFICO |
| Nombre geográfico |
República Dominicana |
| Subdivisión general |
Historia |
| Subdivisión cronológica |
Revolución, 1965 |
| 9 (RLIN) |
2167 |
| 700 1# - PUNTO DE ACCESO ADICIONAL--NOMBRE DE PERSONA |
| Nombre de persona |
Lachapelle Díaz, Héctor, |
| Fechas asociadas al nombre |
1939- |
| Término indicativo de función/relación |
comp. |
| 9 (RLIN) |
38713 |
| 700 1# - PUNTO DE ACCESO ADICIONAL--NOMBRE DE PERSONA |
| Nombre de persona |
Lebrón Saviñon, Mariano |
| Fechas asociadas al nombre |
1922-2014 |
| Término indicativo de función/relación |
pról. |
| 9 (RLIN) |
7227 |
| 910 ## - DATOS DE OPCIÓN DEL USUARIO (OCLC) |
| Datos de opción del usuario |
Validado. Control de calidad MFF |
| 942 ## - ELEMENTOS DE PUNTO DE ACCESO ADICIONAL (KOHA) |
| Fuente del sistema de clasificación o colocación |
Dewey Decimal Classification |
| Tipo de ítem Koha |
Libro |